| 000 | 00403 a2200157 4500 | ||
|---|---|---|---|
| 003 | Nust | ||
| 005 | 20221014130133.0 | ||
| 040 | _cNust | ||
| 082 | _a604.2,REA | ||
| 245 |
_aThe Reading of Technical Drawings / _cEME college |
||
| 260 |
_aRwp _bEME |
||
| 300 | _a80:p | ||
| 505 | _aInformation Sheets (Page-1), Drawings Exercise (Page-13). | ||
| 650 |
_a Technical Drawings _9100330 |
||
| 942 |
_2ddc _cBK |
||
| 999 |
_c185840 _d185840 |
||